BCIS quarterly review of building prices (Record no. 103130)

MARC details
000 -LEADER
fixed length control field 00902cam a2200241 4500
001 - CONTROL NUMBER
control field E11306
008 - FIXED-LENGTH DATA ELEMENTS--GENERAL INFORMATION
fixed length control field 000000n2003 000 0 eng u
022 ## - INTERNATIONAL STANDARD SERIAL NUMBER
International Standard Serial Number 0260-6216
035 ## - SYSTEM CONTROL NUMBER
System control number (Sirsi) u124039
041 ## - LANGUAGE CODE
Language code of text/sound track or separate title eng
050 ## - LIBRARY OF CONGRESS CALL NUMBER
Classification number 692.5
-- 18
110 ## - MAIN ENTRY--CORPORATE NAME
Corporate name or jurisdiction name as entry element Building Cost Information Service
9 (RLIN) 1096
245 ## - TITLE STATEMENT
Title BCIS quarterly review of building prices
Remainder of title issue 91 (October 2003)
260 ## - PUBLICATION, DISTRIBUTION, ETC.
Place of publication, distribution, etc. London
Name of publisher, distributor, etc. BCIS
Date of publication, distribution, etc. 2003
300 ## - PHYSICAL DESCRIPTION
Extent 1pt.
Dimensions 30cm.
350 ## - PRICE (NR) (BK AM CF MU VM SE) [OBSOLETE]
Price 295.00
520 ## - SUMMARY, ETC.
Summary, etc. This item is part of a subscription service and cannot be photocopied. Neither can be any part of it be read out over the phone. Please contact BCIS direct on +44 (0)20 7695 1500 for details.
650 ## - SUBJECT ADDED ENTRY--TOPICAL TERM
Topical term or geographic name entry element BUILT ENVIRONMENT-BUILDING COSTS
650 ## - SUBJECT ADDED ENTRY--TOPICAL TERM
Topical term or geographic name entry element QUARTERLY REVIEW OF BUILDING PRICES
650 ## - SUBJECT ADDED ENTRY--TOPICAL TERM
Topical term or geographic name entry element BUILT ENVIRONMENT-BUILDING COSTS-REINSTATEMENT COSTS
690 ## - LOCAL SUBJECT ADDED ENTRY--TOPICAL TERM (OCLC, RLIN)
Topical term or geographic name as entry element BUILT ENVIRONMENT-BUILDING COSTS
942 ## - ADDED ENTRY ELEMENTS (KOHA)
Suppress in OPAC 0
Holdings
Withdrawn status Lost status Source of classification or shelving scheme Damaged status Not for loan Home library Current library Shelving location Date acquired Total Checkouts Full call number Barcode Date last seen Copy number Price effective from Koha item type
    Dewey Decimal Classification     London London BCIS/BMI publications 03/11/2003   ENQUIRY DESK 30067850 06/08/2019 1 06/08/2019 Reference material